| 000 | 00632nam a2200229 a 4500 | ||
|---|---|---|---|
| 001 | BRCA_7093 | ||
| 005 | 20190320205717.0 | ||
| 008 | 091211s1935----enk#######---#000-0#eng-# | ||
| 041 | _aeng | ||
| 044 | _aenk | ||
| 050 | 4 |
_aPZ3 _b.C6753 1935 |
|
| 100 | 1 |
_aCole, G. D. H. _d1889-1959 _q(George Douglas Howard) _917627 |
|
| 245 | 1 | 0 | _aBig business murder |
| 260 |
_aLondres _bCollins Sons & Co. Ltd. _c[c1935] |
||
| 300 |
_a252 p. _c19 cm. |
||
| 440 | 0 |
_aA Crime Club Novel _917628 |
|
| 500 | _aO100 | ||
| 650 | 1 | 4 |
_aNovelas policĂacas _9877 |
| 710 | 2 |
_aCole, Margaret _f1893-1980 _ecoau. _917629 |
|
| 902 | _aGFM | ||
| 942 |
_2lcc _cB |
||
| 999 |
_c6774 _d6774 |
||